000 02186cam a2200169 4500500
005 20260222004719.0
041 _afre
042 _adc
100 1 0 _aLaunay, Marcel
_eauthor
245 0 0 _aCatherine Marin (dir.). Avec la collaboration de : Bernadette Truchet, Patrick Beillevaire et Roland Jacques, Les écritures de la mission en Extrême-Orient : Le choc de l’arrivée, xviiie – xxe siècles : de l’attente à l’arrivée Chine – Asie du Sud-Est – Japon. Anthologie de textes missionnaires, Turnhout, Brepols Publishers, 2008, 464 p., 15,5 x 23,5 cm (broché). ISBN-10 : 2503526500 / ISBN-13 : 978-2503526508 / 45 €
260 _c2008.
500 _a38
520 _aRésumé En 1842, La London Missionary Society débarque à Lifou (îles Loyauté) un teacher polynésien qui apporte l’évangile. Jusqu’en 1864, seul le protestantisme a le droit de cité. En 1864, la France qui souhaite annexer les îles Loyauté s’appuie sur les missions catholiques et les troupes de marine pour évangéliser les derniers païens et imposer son drapeau. Le conflit sera long et violent. Les 5 000 habitants de l’île sommés de se ranger sous l’une des deux bannières religieuses s’opposeront puis s’éviteront, ce qui ne sera pas sans conséquence.
520 _aCatholics and Protestants in the Island of Lifu: a recurrent Conflict In 1842, the London Missionary Society landed a Polynesian teacher at Lifou in the Loyalty Islands to preach the Gospel. In 1864, France had plans to annex these islands, so she encouraged the catholic missions and the naval authorities to evangelise the remaining pagans and get them to accept her flag. The ensuing conflict was drawn out and violent. The 5,000 inhabitants of the island, who were pressurised into adopting one or other of the two religious persuasions, came into conflict and subsequently broke off contact with each other, a development which had lasting consequences.
786 0 _nHistoire et missions chrétiennes | 6 | 2 | 2008-06-01 | p. 201c-214c | 1957-5246
856 4 1 _uhttps://shs.cairn.info/revue-histoire-monde-et-cultures-religieuses1-2008-2-page-201c?lang=fr&redirect-ssocas=7080
999 _c1668657
_d1668657